00309nam a2200133Ia 4500008004100000020001500041082001700056100002300073245001900096250000900115260003500124300000800159650000800167191201s2008 xx 000 0 und d a8170293014 a005.133bKAW aKANETKAR, Yashwant 0aWorking with C aRep. aN.DelhibBPB Publicationc2008 a520 aMCA